000 00763nam a2200253Ia 4500
003 OSt
005 20220607115627.0
008 210716s2011 xx 000 0 und d
020 _a9789350042502
040 _cAIMIT LIBRARY
041 _aeng
082 _a658
_21
_bNERK
100 _aNerkar, Kiran.
_940862
245 _aPrinciples and practices of management /
_cBy Kiran Nerkar and Vilas Chopde.
250 _a1 st ed.
260 _aNew Delhi :
_bDreamtech Press ,
_c2011.
300 _axx, 507p. ;
_c26.5 cm.
650 _aDecision making and planning
_940863
650 _aDirecting function of management
_940864
650 _aMotivation
_940865
650 _aLeadership
_940866
700 _aChopde, Vilas.
_940867
942 _2ddc
_cBK
_e1
_k658 NERK
999 _c207489
_d207489